00494nam a2200169Ia 4500003000900000008004100009040001600050080001300066100001700079245009000096260003300186300001500219500002300234650001300257650003500270700001900305IN-BaIIA211028s9999 xx 000 0 eng d cIIA Library a514bYAG aYaglom, I. M 0aGeometric transformationscI. M. Yaglom; translated from the Russian by Allen Shields aNew YorkbRandom Housec1962 avii, 133p. aComplimentary gift aGeometry aTransformations (Mathematics) aShields, Allen